000 00695nam a22002055i 4500
001 168652
003 ES-MaACL
005 20230906213838.0
008 080429s2006 sp |||| | spa d
020 _a84-9772-809-2
080 _a272(460)"17/18"
080 _a348.5(460)"17/18"
245 0 0 _aInquisición y censura
_b: el acoso a la inteligencia en España /
_cEnrique Gacto Fernández (editor).
260 _aMadrid :
_bDykinson,
_c[2006]
300 _a549 p. ;
_c24 cm.
650 4 _aInquisición-
_zEspaña-
_vHistoria.
_913799
650 4 _aCensura eclesiástica-
_zEspaña-
_xHistoria.
_9137720
700 1 _aGacto Fernández, Enrique.
_953179
852 _aES-MaACL
_jL-29405
_9R.142981
999 _c168652
_d168652